Educación de la memoria: curso práctico semestral de media hora diaria

Gespeichert in:
Bibliographische Detailangaben
1. Verfasser: Wood, Ernesto (VerfasserIn)
Format: Buch
Sprache:Spanisch
Veröffentlicht: Buenos Aires Schapire 1922
Schriftenreihe:Biblioteca Espiritual, 2
Schlagworte:
Tags: Tag hinzufügen
Keine Tags, Fügen Sie den ersten Tag hinzu!

MARC

LEADER 00000cam a2200000 a 4500
001 UCF8521
003 CL-VaPUC
008 130906e19220000ag |||||||||||||||||spa|d
082 0 4 |a 153.12  |b WOO  |2 21 
100 0 |a Wood, Ernesto  |e author  |9 570610 
245 1 0 |a Educación de la memoria: curso práctico semestral de media hora diaria 
300 |a 127 p 
942 |c BK 
945 |d 20130906 13:01:00  |a dcastane 
260 |a Buenos Aires  |b Schapire  |c 1922 
650 0 |a Memoria  |9 266549 
650 0 |a Cognición   |9 270347 
583 |a last modification  |c 20130906 13:01:00  |k Rodrigo Vera 
490 0 |a Biblioteca Espiritual, 2 
999 |c 353092  |d 353090 
952 |0 0  |1 0  |3 erb  |4 0  |6 153_120000000000000_WOO_1922  |7 0  |8 X  |9 458003  |a FDOBUD  |b FDOBUD  |d 2019-11-23  |i 4998332  |o 153.12 WOO 1922  |p 4998332  |r 2019-11-23  |w 2019-11-23  |y BK_X  |z Catalogado en:20130906  |k BUD